Геологические исследования в Николае-Павдинском округе и прилежащих местностях Центрального Урала и восточного его склона
| 1. Verfasser: | |
|---|---|
| Zusammenfassung: | Текст в русской дореформенной орфографии Раздельная пагинация страниц Напечатано по распоряжению Геологического комитета |
| Sprache: | Russisch Deutsch |
| Veröffentlicht: |
Санкт-Петербург, Типография А. Якобсона, 1892
|
| Schriftenreihe: | Труды Геологического Комитета Том XIII, № 1 |
| Schlagworte: | |
| Format: | MixedMaterials Buch |
| KOHA link: | https://koha.lib.tpu.ru/cgi-bin/koha/opac-detail.pl?biblionumber=271940 |
MARC
| LEADER | 00000nam0a2200000 4500 | ||
|---|---|---|---|
| 001 | 271940 | ||
| 005 | 20231101234502.0 | ||
| 035 | |a (RuTPU)RU\TPU\book\295144 | ||
| 090 | |a 271940 | ||
| 100 | |a 20141014d1892 k y0rusy50 ca | ||
| 101 | 0 | |a rus |a ger | |
| 102 | |a RU | ||
| 105 | |a y z 001zy | ||
| 200 | 1 | |a Геологические исследования в Николае-Павдинском округе и прилежащих местностях Центрального Урала и восточного его склона |f А. М. Зайцев | |
| 210 | |a Санкт-Петербург |c Типография А. Якобсона |d 1892 | ||
| 215 | |a V, 97 с. | ||
| 225 | 1 | |a Труды Геологического Комитета |v Том XIII, № 1 | |
| 300 | |a Текст в русской дореформенной орфографии | ||
| 300 | |a Раздельная пагинация страниц | ||
| 300 | |a Напечатано по распоряжению Геологического комитета | ||
| 316 | |5 63413507: 18//649 |a На форзаце экслибрис Библиотеки С. Н. Кулибина | ||
| 317 | |5 63413507: 18//649 |a Поступил в НТБ в 1900 г. в составе книжного собрания С. Н. Кулибина | ||
| 320 | |a Библиогр.: с. 7-18 | ||
| 606 | 1 | |a Геологические исследования |2 stltpush |3 (RuTPU)RU\TPU\subj\6042 |9 34006 | |
| 610 | 1 | |a геологические изыскания | |
| 610 | 1 | |a Урал | |
| 610 | 1 | |a горные области | |
| 610 | 1 | |a орографический очерк | |
| 610 | 1 | |a гидрогеография | |
| 610 | 1 | |a горные породы | |
| 610 | 1 | |a полезные ископаемые | |
| 610 | 1 | |a владельческие знаки | |
| 610 | 1 | |a Коллекция ТПУ | |
| 610 | 1 | |a Библиотека Кулибиных | |
| 675 | |a 55 |v 3 | ||
| 700 | 1 | |a Зайцев |b А. М. |c российский геолог |c доктор минералогии и геогнозии |c профессор Томского государственного университета |f 1856-1921 |g Алексей Михайлович |2 stltpush |3 (RuTPU)RU\TPU\pers\13869 | |
| 801 | 1 | |a RU |b 63413507 |c 20141014 | |
| 801 | 2 | |a RU |b 63413507 |c 20221205 |g RCR | |
| 942 | |c BK | ||